[Event "BAN-ch 39th"]
[Site "Dhaka"]
[Date "2013.10.01"]
[Round "10"]
[White "Islam, Md Haziful Chapal"]
[Black "Murshed, Niaz"]
[Result "0-1"]
[WhiteElo "2020"]
[BlackElo "2468"]
[PlyCount "86"]
[EventDate "2013.09.21"]
[EventType "tourn"]
[EventRounds "13"]
[EventCountry "BAN"]
[EventCategory "2"]
[SourceTitle "CBM 156 Extra"]
[Source "ChessBase"]
[SourceDate "2013.10.22"]
[SourceVersion "1"]
[SourceVersionDate "2013.10.22"]
[SourceQuality "1"]

1. e4 c5 2. Nf3 Nc6 3. c3 e6 4. d4 d5 5. exd5 exd5 6. Bf4 Nf6 7. h3 Qb6 8. Qe2+ Be6 9. Qb5 c4 10. Qxb6 axb6 11. Be2 Be7 12. 0-0 b5 13. Nbd2 b4 14. Rfe1 0-0 15. Ne5 Ra7 16. Nxc6 bxc6 17. cxb4 Bxb4 18. a3 Ba5 19. Red1 Rb7 20. b4 cxb3 21. Rdb1 Bc3 22. Rxb3 Rxb3 23. Nxb3 Bxa1 24. Nxa1 Ne4 25. f3 Nc3 26. Bd3 Nb5 27. Bxb5 cxb5 28. Bd6 Rc8 29. Bc5 Bf5 30. Nb3 Re8 31. Kf2 Bd3 32. Nc1 Bc4 33. Bb4 g5 34. g3 Kg7 35. Bd2 Kg6 36. Bb4 f5 37. Bd2 Kh5 38. Bb4 g4 39. h4 f4 40. Bd6 fxg3+ 41. Bxg3 Rf8 42. f4 Ra8 43. f5 Rxa3 0-1

[Event "BAN-ch 39th"]
[Site "Dhaka"]
[Date "2013.09.21"]
[Round "1"]
[White "Islam, Md Haziful Chapal"]
[Black "Chatterjee, Debaraj"]
[Result "0-1"]
[WhiteElo "2020"]
[BlackElo "2249"]
[PlyCount "112"]
[EventDate "2013.09.21"]
[EventType "tourn"]
[EventRounds "13"]
[EventCountry "BAN"]
[EventCategory "2"]
[SourceTitle "CBM 156 Extra"]
[Source "ChessBase"]
[SourceDate "2013.10.22"]
[SourceVersion "1"]
[SourceVersionDate "2013.10.22"]
[SourceQuality "1"]

1. e4 d5 2. exd5 Qxd5 3. Nc3 Qa5 4. d4 Nf6 5. Bc4 c6 6. Bd2 Bf5 7. Qe2 Qc7 8. Nf3 e6 9. 0-0-0 Nbd7 10. Ne5 Bb4 11. f3 Bxc3 12. Bxc3 Nd5 13. Bd2 Nxe5 14. dxe5 0-0-0 15. g4 Bg6 16. Bg5 Rde8 17. Bd3 h6 18. Bxg6 hxg5 19. Bd3 Rh3 20. Qe4 Reh8 21. Rd2 Qb6 22. Bf1 R3h4 23. a3 Qe3 24. Qxe3 Nxe3 25. Bd3 Rh3 26. Rf2 Nd5 27. Bf1 R3h4 28. c4 Nf4 29. Rd2 Rd8 30. Rf2 Rd3 31. Kc2 Re3 32. Kd2 Rxe5 33. b4 Rh8 34. h3 Rd8+ 35. Kc2 Re3 36. h4 gxh4 37. Rxh4 Rxa3 38. Kb2 Re3 39. Rh7 Rg8 40. Kc2 e5 41. b5 Ne6 42. Kd2 Ra3 43. Rh5 Rd8+ 44. Kc1 Ra1+ 45. Kb2 Re1 46. g5 Nf4 47. Rh7 Rdd1 48. Bh3+ Kc7 49. Bf5 g6 50. Rxf7+ Kb6 51. Be4 Rxe4 52. fxe4 Nd3+ 53. Kc2 Nxf2 54. Rxf2 Rg1 55. Kd3 Rxg5 56. Rf7 a5 0-1

[Event "Chennai WinTV op 1st"]
[Site "Chennai"]
[Date "2004.01.31"]
[Round "12"]
[White "Islam, Md Haziful Chapal"]
[Black "Amit Kumar, Medda"]
[Result "0-1"]
[WhiteElo "2052"]
[BlackElo "2198"]
[PlyCount "39"]
[EventDate "2004.01.21"]
[EventType "swiss"]
[EventRounds "13"]
[EventCountry "IND"]
[SourceTitle "CBM 098 Extra"]
[Source "ChessBase"]
[SourceDate "2004.03.10"]
[SourceVersion "2"]
[SourceVersionDate "2004.03.10"]
[SourceQuality "1"]

1. e4 Nf6 2. Nc3 d5 3. exd5 Nxd5 4. Bc4 Nb6 5. Bb3 Nc6 6. Nge2 Bf5 7. d3 e6 8. Be3 Be7 9. Ng3 Bg6 10. 0-0 0-0 11. a4 Nd4 12. Bxd4 Qxd4 13. a5 Nd7 14. Ra4 Qd6 15. Qf3 c6 16. h4 h6 17. h5 Bh7 18. Re1 Nc5 19. Nce4 Qc7 20. Nxc5 0-1

[Event "Chennai WinTV op 1st"]
[Site "Chennai"]
[Date "2004.01.27"]
[Round "8"]
[White "Islam, Md Haziful Chapal"]
[Black "Samsonkin, Artiom"]
[Result "0-1"]
[WhiteElo "2052"]
[BlackElo "2203"]
[PlyCount "80"]
[EventDate "2004.01.21"]
[EventType "swiss"]
[EventRounds "13"]
[EventCountry "IND"]
[SourceTitle "CBM 098 Extra"]
[Source "ChessBase"]
[SourceDate "2004.03.10"]
[SourceVersion "2"]
[SourceVersionDate "2004.03.10"]
[SourceQuality "1"]

1. e4 Nf6 2. Nc3 d5 3. exd5 Nxd5 4. d4 Nxc3 5. bxc3 g6 6. Nf3 Bg7 7. Bc4 0-0 8. 0-0 Nd7 9. Ba3 c5 10. Qe2 Qa5 11. Bb2 Nb6 12. a4 Bg4 13. Bd3 Nd5 14. c4 Nf4 15. Qxe7 Bxf3 16. gxf3 cxd4 17. Qh4 Nxd3 18. cxd3 Rfe8 19. Bxd4 g5 20. Qg4 h5 21. Qd7 Rad8 22. Qxb7 Rxd4 23. Qb5 Re5 24. Qb8+ Rd8 25. Qb7 g4 26. fxg4 Rg5 27. Rad1 Rxg4+ 28. Kh1 Qxa4 29. c5 Rg6 30. Rc1 Qc6+ 31. Qxc6 Rxc6 32. Rfd1 Rd5 33. Kg2 Rcxc5 34. Rxc5 Rxc5 35. Kf3 Bd4 36. Rg1+ Kf8 37. Rg2 Re5 38. h3 a5 39. Kf4 a4 40. f3 a3 0-1